000
00311nam a22001337a 4500
008
170403b xxu||||| |||| 00| 0 eng d
020
_a
9790321014602
041
_a
eng
080
_2
6TH
_a
574
100
_a
9
101
_a
SHM
245
_a
WATER SUPPLY AND POLLUTION CONTROL
_c
VIESSMAN, W
942
_2
udc
_c
BK
999
_c
9506
_d
9506